| 000 | 01190nam0a22002651 4500 | ||
|---|---|---|---|
| 001 | rc\3548309 | ||
| 005 | 20260407014328.0 | ||
| 021 |
_aRU _bРГ6527-72 |
||
| 021 |
_aRU _b72-13954 |
||
| 035 | _a(NLR Aleph) 007636685 | ||
| 090 |
_a6081602 _c6081602 |
||
| 100 | _a20130115d1971 |||y0rusy50 ca | ||
| 101 | 0 | _arus | |
| 102 | _aRU | ||
| 105 | _aa c ||||| | ||
| 200 | 1 |
_aВременные инструктивные указания по комплексному обеспыливанию рудников и россыпных шахт Северо-Востока СССР _eУтв. 7/IX 1971 г. _fМ-во цвет. металлургии СССР. Объединение «Северовостокзолото». Всесоюз. науч.-исслед. ин-т золота и редких металлов. ВНИИ-1 |
|
| 210 |
_aМагадан _cБ. и. _d1971 |
||
| 215 |
_a52 с. _cил. _d20 |
||
| 320 | _aБиблиогр.: с. 50-51 | ||
| 712 | 0 | 2 |
_a"Северовостокзолото", объединение _cМагадан _3RU\NLR\AUTH\8810002638 _9502501 |
| 801 | 0 |
_aRU _bNLR _gpsbo |
|
| 801 | 1 |
_aRU _bELAR _2rusmarc |
|
| 852 |
_aNLR _j72-4/11308 |
||
| 942 | _cBOOK | ||
| 980 | _aNB | ||